Baby Names: Girls (2016) Quiz Stats

 Plays Quiz Updated Dec 23, 2017

Challenge
Share
Tweet
Embed
Score 0/300 Timer 20:00
1 Play Today
Rank Name % Correct
1Emma
82.6%
51Anna
82%
9Emily
79.2%
152Sara
78.1%
127Mary
77.9%
13Elizabeth
77.9%
174Eliza
76.4%
2Olivia
76.2%
57Sarah
76%
33Hannah
71.3%
113Maria
71.3%
145Isabel
70.7%
273Jennifer
70.3%
4Sophia
69%
90Katherine
68.8%
233Jessica
68.3%
173Rachel
67.6%
231Kate
67.5%
195Catherine
67.1%
3Ava
66.6%
154Rose
66.4%
5Isabella
66.2%
88Julia
65.5%
19Grace
65.4%
7Charlotte
65.3%
17Ella
64.1%
15Madison
64%
109Sophie
63.7%
24Lily
63.6%
134Lauren
63.1%
21Victoria
62.8%
20Chloe
62.6%
176Amy
62.6%
8Abigail
61.9%
73Eva
61.8%
50Alexa
61.7%
44Samantha
61.6%
207Rebecca
61.5%
35Zoe
61%
101Ashley
60.6%
78Bella
58.8%
56Caroline
57.5%
208Michelle
57.4%
279Jane
57.4%
110Alexandra
57%
6Mia
56.8%
49Allison
56.7%
11Amelia
56.5%
163Nicole
55.4%
31Natalie
55.3%
139Margaret
55%
55Lucy
54.4%
103Isabelle
53.8%
89Taylor
53.5%
223Ana
53.4%
37Leah
53.1%
157Molly
53%
76Alice
52.7%
235Stephanie
52.6%
12Evelyn
52.5%
23Aria
52.1%
119Alexis
52%
132Kimberly
51.8%
40Claire
51.7%
43Ellie
51.5%
14Sofia
51.3%
257Melissa
50.7%
287Annie
49.8%
91Madeline
49.3%
98Brianna
48.9%
26Zoey
48.7%
129Kayla
48.7%
269Diana
48.6%
83Kylie
48.5%
36Nora
48.3%
214Angela
48%
100Faith
48%
28Lillian
47.6%
27Penelope
47.3%
39Audrey
47.3%
122Jasmine
47.2%
47Violet
47.1%
68Hailey
47%
128Andrea
47%
29Addison
46.9%
272Olive
46.8%
120Alyssa
46.4%
190Daisy
46.3%
82Melanie
46.3%
143Lilly
46.1%
172Brooke
45.7%
22Riley
45.6%
61Gabriella
45.6%
227Georgia
45.5%
289Jordan
45.4%
241Hope
45.4%
16Avery
45.3%
41Eleanor
45.2%
71Ruby
45.2%
117Jade
45%
Rank Name % Correct
133Morgan
44.3%
225Gabrielle
44.1%
64Maya
44%
34Brooklyn
43.8%
99Clara
43.5%
197Vanessa
43.2%
10Harper
43.1%
25Aubrey
43.1%
299Ruth
42.4%
54Ariana
42.2%
85Mackenzie
41.9%
38Savannah
41.8%
104Annabelle
41.6%
69Arianna
41.4%
112Ivy
41.3%
45Stella
41.3%
242Maggie
41%
87Cora
40.6%
149Paige
40.5%
175Angelina
40.3%
95Vivian
40.3%
218Alexandria
40.3%
114Josephine
40.3%
111Natalia
39.5%
160Valerie
39.5%
65Autumn
39.4%
228Juliet
39.4%
125Khloe
39.3%
211Fiona
38.9%
268June
38.8%
210Lila
38.7%
30Layla
38.6%
94Elena
38.5%
74Naomi
38.2%
79Quinn
38.2%
181Gracie
38.2%
116Bailey
38.1%
277Jacqueline
38%
18Scarlett
37.9%
70Kaylee
37.6%
193Kendall
37.4%
203Destiny
37.3%
62Madelyn
36.9%
185Charlie
36.7%
140Ariel
36.6%
81Peyton
36.3%
183Esther
36.2%
80Lydia
36.2%
234Lola
36.1%
202Summer
36.1%
60Sadie
36%
186Iris
35.8%
156Mckenzie
35.8%
96Willow
35.4%
237Josie
35.2%
248Joanna
35.2%
75Nevaeh
34.7%
200Julianna
34.5%
167Mariah
34.5%
168Mya
34.2%
144Melody
34%
135Sydney
34%
52Hazel
33.9%
166Elise
33.8%
126Isla
33.7%
102Emilia
33.5%
162Juliana
33.2%
153Norah
32.8%
165Makayla
32.6%
182Payton
32.5%
199Juliette
32.3%
48Mila
32.1%
147Jocelyn
31.9%
77Luna
31.8%
59Kennedy
31.8%
67Piper
31.8%
194Daniela
31.6%
275Miranda
31.5%
212Callie
31.5%
151Valeria
31.4%
252Gabriela
31.4%
63Adeline
31.3%
53Aaliyah
31.1%
66Aurora
30.9%
137Trinity
30.9%
97Reagan
30.8%
229Tessa
30.8%
131London
30.7%
146Jordyn
30.7%
46Paisley
30.4%
216Adriana
30.2%
32Camila
30%
206Alana
29.8%
247Gemma
29.8%
84Aubree
29.7%
243Camille
29.3%
230Leila
29.2%
123Liliana
29.1%
276Lena
29.1%
92Gianna
29%
Rank Name % Correct
115Delilah
29%
169Arya
28.6%
42Skylar
28.4%
213Lucia
28.4%
198Brooklynn
28.3%
226Dakota
28%
284Lucille
28%
72Serenity
27.8%
288Cassidy
27.7%
236Sienna
27.7%
274Paris
27.7%
121Brielle
27.4%
138Lyla
27.3%
93Eliana
27.2%
105Rylee
27.1%
148Eden
27.1%
245Vivienne
27%
58Genesis
26.8%
155Aliyah
26.8%
188Genevieve
26.7%
217Parker
26.6%
161Emerson
26.4%
141Adalyn
26.2%
187Arabella
26.1%
164Laila
26.1%
285Selena
26.1%
196Adelyn
26%
251Mckenna
25.9%
282Lilliana
25.8%
205Hayden
25.6%
192Anastasia
25.4%
249Noelle
25.4%
108Hadley
25.3%
240Evangeline
25.3%
191Harmony
25.2%
179Cecilia
25.2%
224Harley
25.1%
130Emery
25%
261Izabella
25%
255Brynn
24.9%
258Adelaide
24.8%
209Eloise
24.6%
244Makenzie
24.5%
184Alaina
24.1%
150Teagan
23.7%
297Blake
23.7%
106Valentina
23.3%
107Everly
23.3%
220Alivia
23.2%
170Ryleigh
23%
118Ximena
22.9%
204Amaya
22.8%
215Marley
22.7%
180Londyn
22.7%
177Reese
22.6%
124Adalynn
22.5%
178Alina
22.5%
171Adaline
22.4%
298Lilah
22.1%
263Cali
22%
142Athena
22%
201Presley
22%
86Kinsley
21.9%
265Maci
21.9%
219Giselle
21.8%
262Delaney
21.8%
293Miriam
21.7%
232Jayla
21.6%
189Finley
21.4%
300Amara
21.4%
253Kinley
21.4%
283Adelynn
21.3%
254Rosalie
21%
221Alayna
21%
259Malia
20.9%
291Mariana
20.9%
266Elaina
20.2%
159Leilani
19.8%
280Raegan
19.6%
296Charlee
19.6%
250Elliana
19.6%
278Paislee
19.4%
294Haven
19.3%
290Thea
19.1%
281Lyric
19.1%
136Nova
19%
239Rowan
18.9%
260Ayla
18.9%
286River
18.7%
264Journey
18.5%
158Raelynn
18.1%
292Amina
17.8%
270Blakely
17.5%
222Brynlee
17%
246Sawyer
16.8%
271Aniyah
16.6%
295Remi
16.5%
238Daleyza
15.7%
267Sloane
14.6%
256Amiyah
14.5%

You're not logged in!

Compare scores with friends on all Sporcle quizzes.
OR
Log In

You Might Also Like...

Show Comments

Extras

Top Quizzes Today


Score Distribution

Your Account Isn't Verified!

In order to create a playlist on Sporcle, you need to verify the email address you used during registration. Go to your Sporcle Settings to finish the process.

Report this User

Report this user for behavior that violates our Community Guidelines.

Details: